Earthquake research and analysis : statistical studies, observations and planning (Record no. 8125)

000 -LEADER
fixed length control field 00412nam a22001457a 4500
003 - CONTROL NUMBER IDENTIFIER
control field OSt
005 - DATE AND TIME OF LATEST TRANSACTION
control field 20200804161056.0
008 - FIXED-LENGTH DATA ELEMENTS--GENERAL INFORMATION
fixed length control field 200804b ||||| |||| 00| 0 eng d
020 ## - INTERNATIONAL STANDARD BOOK NUMBER
International Standard Book Number 9789535101345
082 ## - DEWEY DECIMAL CLASSIFICATION NUMBER
Classification number 551.22
Item number DAM
110 ## - MAIN ENTRY--CORPORATE NAME
Corporate name or jurisdiction name as entry element D'Amico, Sebastiano [Editor]
245 ## - TITLE STATEMENT
Title Earthquake research and analysis : statistical studies, observations and planning
260 ## - PUBLICATION, DISTRIBUTION, ETC. (IMPRINT)
Place of publication, distribution, etc Croatia
Name of publisher, distributor, etc Intech
Date of publication, distribution, etc 2014
942 ## - ADDED ENTRY ELEMENTS (KOHA)
Source of classification or shelving scheme
Holdings
Withdrawn status Lost status Source of classification or shelving scheme Damaged status Koha normalized classification for sorting Not for loan Permanent location Current location Date acquired Full call number Barcode Date last seen Price effective from Koha item type
        551_220000000000000_DAM   BMS College of Architecture, Design and Planning BMS College of Architecture, Design and Planning 2020-08-04 551.22 DAM AR-RD53 2020-08-04 2020-08-04 R&D Books
Copyright © 2025, The Librarian, Library and Information Centre, BMSCA D&P, Bengaluru. All Rights Reserved
web counter

Powered by Koha